Score 0/20 Timer 05:00
3 Plays Today
% Correct
Wednesday Addams
The Addams Family
93.5%
Malcolm
Malcolm in the Middle
91.5%
Doogie Howser
Doogie Howser, M.D.
91%
Arya Stark
Game of Thrones
90.3%
Michelle Tanner
Full House
89.6%
Manny Delgado
Modern Family
89.3%
Jan Brady
The Brady Bunch
87.7%
Eddie Munster
The Munsters
87.6%
Sally Draper
Mad Men
86.7%
Alfalfa
The Little Rascals
86%
% Correct
Tamera Campbell
Sister, Sister
85.5%
Randy Taylor
Home Improvement
82.9%
Cory Matthews
Boy Meets World
82.9%
Arnold Jackson
Diff'rent Strokes
82.8%
Jake Harper
Two & a Half Men
81.9%
Darlene Conner
Roseanne
81.7%
Dustin Henderson
Stranger Things
81.2%
Kevin Arnold
The Wonder Years
80.9%
Ashley Banks
The Fresh Prince of Bel-Air
79.6%
Dennis Mitchell
Dennis the Menace
77.7%
Come Together.
Have Fun.
All Virtual.
We all need to come together. Play Sporcle's virtual live trivia to have fun, connect with people, and get your trivia on. Join a live hosted trivia game for your favorite pub trivia experience done virtually. If a virtual private party is more your thing, go here for details.

You're not logged in!

Compare scores with friends on all Sporcle quizzes.
OR
Log In

Sporcle TV

Today on Sporcle TV


Watch our educational content, quiz creation guides, and fun videos on Sporcle TV.

Show Comments

Extras

Top Quizzes Today


Score Distribution

Paid Content

Your Account Isn't Verified!

In order to create a playlist on Sporcle, you need to verify the email address you used during registration. Go to your Sporcle Settings to finish the process.

Report this User

Report this user for behavior that violates our Community Guidelines.

Details: